British Logos - Statistics

General Stats
  • This quiz has been taken 370 times
  • The average score is 9 of 16
Answer Stats
Picture Answer % Correct
London Underground
88%
British Airways
86%
Unilever
76%
Tesco
72%
Greggs
65%
BBC
63%
M&S
63%
National Lottery
55%
Lloyds Bank
47%
Oxfam
44%
British Gas
43%
The Body Shop
42%
Argos
38%
Royal Bank of Scotland
32%
Church of England
27%
The Times
15%
No matching quizzes found
Score Distribution
Percent of People with Each Score
Percentile by Number Answered
Your Score History
You have not taken this quiz